Australian horse drawn vehicles /

Saved in:
Bibliographic Details
Main Author: Stringer, Michael
Format: Book
Language:English
Published: Adelaide : Rigby, 1980.
Subjects:
LEADER 01017nam a2200265 a 4500
001 c000135263
003 CARM
005 00000000000000.0
008 790912s1980 at a 00110 eng d
019 1 |a 22013985  |z 1660417  |z 1812123  |5 LACONCORD2021 
020 |a 0727012096 :  |c $19.95 Aust. 
035 |a (OCoLC)29017047  |5 LACONCORD2021 
042 |a anuc 
043 |a u-at--- 
100 1 |a Stringer, Michael, 
245 1 0 |a Australian horse drawn vehicles /  |c Michael Stringer. 
260 |a Adelaide :  |b Rigby,  |c 1980. 
300 |a 280 p. :  |b ill., (some col.) ;  |c 22 x 27 cm. 
500 |a Road transport. Horse-drawn vehicles. Australia, 1805-1930 (ANB/PRECIS SIN 0415723) 
500 |a Includes index. 
650 0 |a Carriages and carts  |z Australia  |x History. 
852 8 |b CARM  |h A2:AE15D1  |i E00019  |p 0016647  |f BK 
082 0 4 |a 388.3/41 
999 f f |i f79bd570-d9fd-51a3-b0ee-b0b99dff216e  |s 80896b84-7283-5412-8141-a90995e378e3 
952 f f |p Can circulate  |a CAVAL  |b CAVAL  |c CAVAL  |d CARM 1 Store  |e E00019  |f A2:AE15D1  |h Other scheme  |i book  |m 0016647